| 000 | 00360nam a2200133Ia 4500 | ||
|---|---|---|---|
| 008 | 240624s9999 xx 000 0 und d | ||
| 041 | _aeng | ||
| 082 | _a658.84 PAP | ||
| 100 | _aPAPAZOGLOU MICHAEL P | ||
| 245 | _aE BUSINESS ORGANIZATIONAL AND TECHNICAL | ||
| 260 |
_c2007 _aNew Delhi _bWiley India |
||
| 300 | _axxviii, , 722 , 25 : p. : cm. | ||
| 365 |
_cRS _b30 |
||
| 999 |
_c6946 _d6946 |
||